Normal view
MARC view
Entry Genre/Form Term
001 - CONTROL NUMBER
- control field: 54508
003 - CONTROL NUMBER IDENTIFIER
- control field: dpl
005 - DATE AND TIME OF LATEST TRANSACTION
- control field: 20121220161906.0
008 - FIXED-LENGTH DATA ELEMENTS
- fixed length control field: 121220|||a|||||| | ||| d
040 ## - CATALOGING SOURCE
- Original cataloging agency: dpl
- Transcribing agency: dpl
155 ## - HEADING--GENRE/FORM TERM
- Genre/form term: Love stories.
670 ## - SOURCE DATA FOUND
- Source citation: Work cat.: (dpl)15890: Chetan Bhagat 25087, The 3 mistakes of my life :, 2008
670 ## - SOURCE DATA FOUND
- Source citation: Work cat.: (dpl)15890: Chetan Bhagat 25087, The 3 mistakes of my life :, 2008
